An invitation to Morse theory

Αποθηκεύτηκε σε:
Λεπτομέρειες βιβλιογραφικής εγγραφής
Κύριος συγγραφέας: Nicolaescu, Liviu I.
Μορφή: Βιβλίο
Γλώσσα:English
Δημοσίευση: New York, NY : Springer, c2011
Έκδοση:2η εκδ.
Σειρά:Universitext
Θέματα:
Ετικέτες: Προσθήκη ετικέτας
Δεν υπάρχουν, Καταχωρήστε ετικέτα πρώτοι!

MARC

LEADER 00000nam a2200000 i 4500
001 1/64926
008 150123s2011 eng d
020 |a 978-1-4614-1104-8 
035 |l 10120684 
040 |a GR-MY-UA  |b gre  |e aacr 
041 0 |a eng 
082 0 |a 514.74  |2 (23) 
100 1 |a Nicolaescu, Liviu I. 
245 1 3 |a An invitation to Morse theory /  |c Liviu Nicolaescu 
250 |a 2η εκδ. 
260 |a New York, NY :   |b Springer,   |c c2011 
300 |a xvi, 353 σ.;  |b σχέδια;  |c 24 εκ. 
490 1 |a Universitext 
504 |a Βιβλιογραφία: σ.345-348. Ευρετήριο 
650 0 0 |a Morse theory. 
830 0 |a Universitext 
852 |a INST  |b SAMOS  |e 20150123  |h 514.74 NIC  |p 005300041385  |q 005300041385  |t BK  |y 0 
901 |a BIBL3-2015-1 
909 |a Σ  |b 189340 
922 |a 3ΕΛΗ  |b 201405  |c ΤΜΗΜΑ ΜΑΘΗΜΑΤΙΚΩΝ  |d ΔΙΑΔΡΟΜΕΣ 
970 |a ΚΟΣΙΕΡΗΣ  |b ΧΡΗΣΤΟΣ  |z 2015/01/23